| 000 | 00336nam a2200121Ia 4500 | ||
|---|---|---|---|
| 008 | 230907s9999||||xx |||||||||||||| ||und|| | ||
| 082 | _a660.28,PET | ||
| 100 |
_aPeters, Max S. _9115208 |
||
| 245 | 0 | _aPlant design and economics for chemical engineers/ | |
| 260 |
_aMc Graw Hill _bNew Delhi _c2003 |
||
| 300 | _axvii,988p.: | ||
| 942 | _cBK | ||
| 999 |
_c597848 _d597848 |
||